[Event "Gent Gran-ch"]
[Site "Gent Gran"]
[Date "1996.??.??"]
[Round "2"]
[White "Santiveri Augusta, Jordi"]
[Black "Teixido Pascual, Juan"]
[Result "0-1"]
[WhiteElo "1805"]
[BlackElo "1940"]
[PlyCount "86"]
[EventDate "1996.??.??"]
[EventType "swiss"]
[EventRounds "9"]
[EventCountry "ESP"]
[SourceTitle "EXT 2003"]
[Source "ChessBase"]
[SourceDate "2002.11.25"]
[SourceVersion "1"]
[SourceVersionDate "2002.11.25"]
[SourceQuality "1"]

1. Nf3 Nc6 2. d4 d5 3. Bg5 Bf5 4. c4 f6 5. Bf4 e6 6. cxd5 exd5 7. Nc3 Bb4 8. Rc1 Nge7 9. a3 Ba5 10. g3 0-0 11. Bg2 Ng6 12. Bd2 Bb6 13. e3 Bd3 14. Ne2 Re8 15. 0-0 Qd7 16. Re1 Re7 17. Nc3 Na5 18. Na4 Nc4 19. Nxb6 axb6 20. Bc3 Be4 21. Nd2 Bxg2 22. Kxg2 b5 23. Nxc4 bxc4 24. h4 Rae8 25. h5 Nh8 26. Qf3 Re4 27. Rh1 Nf7 28. Bd2 Ng5 29. Qd1 Qf5 30. f4 Nf7 31. Qf3 Nh6 32. Rh4 Qd7 33. g4 Qa4 34. Re1 Qc2 35. Re2 Qxb2 36. Bb4 Qb3 37. Rh3 Qd3 38. Kf2 Rxe3 39. Qxd5+ Kh8 40. Rhxe3 Nxg4+ 41. Kf3 Nxe3 42. Kf2 Qxe2+ 43. Kxe2 Nxd5+ 0-1

[Event "Gent Gran-ch"]
[Site "Gent Gran"]
[Date "1996.??.??"]
[Round "1"]
[White "Teixido Pascual, Juan"]
[Black "Gomila Pons, Alvaro"]
[Result "0-1"]
[WhiteElo "1940"]
[BlackElo "2190"]
[PlyCount "66"]
[EventDate "1996.??.??"]
[EventType "swiss"]
[EventRounds "9"]
[EventCountry "ESP"]
[SourceTitle "EXT 2003"]
[Source "ChessBase"]
[SourceDate "2002.11.25"]
[SourceVersion "1"]
[SourceVersionDate "2002.11.25"]
[SourceQuality "1"]

1. e4 c5 2. Nf3 Nc6 3. d4 cxd4 4. Nxd4 g6 5. Be3 Nf6 6. Nd2 Bg7 7. c3 0-0 8. Be2 d6 9. 0-0 Bd7 10. f3 a6 11. Nc4 b5 12. Nxc6 Bxc6 13. Nb6 Rb8 14. Nd5 Qd7 15. Nxf6+ Bxf6 16. Bd4 e5 17. Be3 d5 18. exd5 Bxd5 19. Qc2 Qe6 20. a3 Bg7 21. Bd3 Rfd8 22. Rae1 Rd7 23. Be4 Bc4 24. Rd1 Bxf1 25. Rxd7 Qxd7 26. Kxf1 Rd8 27. Ke2 Qe6 28. Qc1 Qc4+ 29. Kf2 f5 30. Bc2 Bf8 31. Qf1 Bc5 32. Qxc4+ bxc4 33. b3 Rd2+ 0-1

[Event "Gent Gran-ch"]
[Site "Gent Gran"]
[Date "1996.??.??"]
[Round "4"]
[White "Werner Serrat, Jordi"]
[Black "Teixido Pascual, Juan"]
[Result "1-0"]
[WhiteElo "2075"]
[BlackElo "1940"]
[PlyCount "89"]
[EventDate "1996.??.??"]
[EventType "swiss"]
[EventRounds "9"]
[EventCountry "ESP"]
[SourceTitle "EXT 2003"]
[Source "ChessBase"]
[SourceDate "2002.11.25"]
[SourceVersion "1"]
[SourceVersionDate "2002.11.25"]
[SourceQuality "1"]

1. d4 Nf6 2. c4 e6 3. Nc3 Bb4 4. Qc2 c5 5. dxc5 Bxc5 6. Nf3 Nc6 7. Bg5 0-0 8. e3 h6 9. Bh4 Be7 10. Rd1 Qa5 11. Qd2 Re8 12. Be2 a6 13. 0-0 Ne5 14. Nxe5 Qxe5 15. Bg3 Qa5 16. e4 Rd8 17. e5 Ne8 18. Qf4 Bg5 19. Qd4 b6 20. Qe4 Rb8 21. Bd3 g6 22. Qe2 Bb7 23. h4 Be7 24. h5 g5 25. f4 Ng7 26. fxg5 Bxg5 27. Bf4 Qc5+ 28. Kh1 f6 29. exf6 Bxf4 30. Rxf4 Qxh5+ 31. Qxh5 Nxh5 32. Rg4+ Kh8 33. Rf1 Rf8 34. Rg6 Rxf6 35. Rfxf6 Nxf6 36. Rxf6 Kg7 37. Rg6+ Kf7 38. Rxh6 Rg8 39. Ne4 Ke7 40. Rh7+ Kd8 41. Rxd7+ Kc8 42. Re7 Rd8 43. Bc2 Rh8+ 44. Kg1 Rh6 45. Nd6+ 1-0